| 000 | 01215nam0a2200313 4500 | ||
|---|---|---|---|
| 001 | RU\NLR\BIBL_A\012097752 | ||
| 005 | 20191007083552.0 | ||
| 010 |
_a978-5-89314-922-7 _9100 |
||
| 021 |
_aRU _bКН-П-19-061513 _9КН-П-19-4401 |
||
| 035 | _a(NLR Aleph) 012097752 | ||
| 035 | _a(RuMoRGB)010070642 | ||
| 090 |
_a11890589 _c11890589 |
||
| 100 | _a20190920d2019 u y0rusy50 ca | ||
| 101 | 0 | _arus | |
| 102 | _aRU | ||
| 105 | _aachzzz0|||yg | ||
| 200 | 1 |
_aСчастливый билет _e[стихи и проза] _fГалина Зайцева |
|
| 210 |
_aПятигорск _cРИА-КМВ _d2019 |
||
| 215 |
_a207 с. _cил., цв. ил., портр., факс. _d21 |
||
| 300 | _aВ тексте предисл. авт.: филолог Г. Зайцева | ||
| 327 | 1 | _aСодерж.: циклы: Тернистая дорога; Счастье; разд.: Проза | |
| 686 | 2 | _aШ6(2=Р)8я44 | |
| 700 | 1 |
_7ca _8rus _aЗайцева _bГ. Ф. _cлитературовед _f1939- _gГалина Федоровна _9150252 _3RU\NLR\AUTH\770150289 |
|
| 942 | _cBOOK | ||
| 980 | _aNBR | ||
| 980 | _aNB | ||